000 00481nam a22001697a 4500
005 20251108171805.0
008 250721s1999 xx 000 0 ara d
082 1 4 _aم/352.565/أما
245 1 0 _aالكتاب السنوي 1999 /
264 1 _aعمان :
_bأمانة عمان الكبرى،
_c1999.
300 _a122ص
650 1 7 _aالإدارة
650 1 7 _aالحكم المحلي
710 2 _aأمانة عمان الكبرى
942 _2ddc
_cREF
999 _c62606
_d62606